Places by Picture Clue #2 - Statistics

General Stats
  • This quiz has been taken 41 times
  • The average score is 9 of 15
Answer Stats
Picture Hint Answer % Correct
Ireland Cork
92%
Germany Frankfurt
81%
Australia Cairns
78%
France Cannes
78%
Mexico Chihuahua
78%
Croatia Split
78%
Switzerland Bern
67%
Afghanistan Kabul
64%
Italy Bologna
53%
USA Columbus
50%
Germany Munster
50%
United Kingdom Leeds
44%
USA Corpus Christi
28%
United Kingdom Wick
25%
Russia Archangel
11%
No matching quizzes found
Score Distribution
Percent of People with Each Score
Percentile by Number Answered
Your Score History
You have not taken this quiz